[Event "Prague Festival Future 2020"]
[Site "Prague"]
[Date "2020.02.20"]
[Round "8.2"]
[White "Brozka, Karel"]
[Black "Finek, Vaclav"]
[Result "1/2-1/2"]
[WhiteElo "2045"]
[BlackElo "2220"]
[Annotator "TA"]
[PlyCount "119"]
[EventDate "2020.02.12"]
[EventType "tourn"]
[EventCountry "CZE"]
[SourceTitle "playchess.com"]
[Source "ChessBase"]
[SourceQuality "1"]

{[%evp 18,119,0,-6,0,0,0,0,23,0,57,57,59,62,66,69,61,58,62,62,126,111,153,161,146,123,121,80,88,88,218,207,220,179,256,247,341,329,464,450,431,423,491,465,993,880,1009,1013,995,714,965,695,618,404,389,389,362,368,332,340,396,438,383,316,346,349,374,348,305,264,372,364,364,364,328,0,296,370,382,361,382,382,337,290,271,316,412,181,202,143,194,0,238,208,225,208,206,191,182,196,170,74,313,150]} 1. d4 Nf6 2. Nf3 g6 3. c4 Bg7 4. Nc3 d5 5. Bg5 Ne4 6. cxd5 Nxg5 7. Nxg5 e6 8. Qd2 h6 9. Nf3 exd5 10. e3 a5 {D91: Grünfeld: 4 Nf3 Bg7 5 Bg5.} 11. Bd3 O-O 12. O-O c6 {[#] The position is equal.} 13. a3 $146 ({Predecessor:} 13. Ne5 c5 14. f4 Nc6 15. Qf2 Be6 16. Rad1 Rb8 17. Bb1 cxd4 18. exd4 Ne7 19. h3 {1-0 (33) Ikonnikov,V (2536)-Ojas,K (2226) Dieren 2018}) 13... a4 ({Black should play} 13... Re8 $11) 14. Qc2 $14 Qa5 15. Ne5 Nd7 16. f4 Nf6 17. h3 c5 18. g4 c4 ({Better is} 18... Qd8 $14) 19. Be2 $16 Kh8 20. Bf3 Qd8 21. Qg2 {[%cal Rc3d5]} Be6 22. h4 Ra5 23. Rf2 Ne4 (23... Ng8 $16) 24. Bxe4 $18 (24. Nxe4 $6 Bxe5 25. fxe5 dxe4 $16) 24... dxe4 25. Qg3 (25. Nxe4 Bd5 $11) 25... Bf6 (25... h5 $142 26. gxh5 (26. Nxe4 Bxg4 27. Nxc4 Rb5 $16) 26... gxh5) 26. g5 Bxe5 27. fxe5 hxg5 (27... h5 {is a better defense.} 28. Nxe4 Rb5) 28. hxg5 {Intending Qh4+ and mate.} Kg7 29. Rh2 Bf5 30. Rh6 ({Weaker is} 30. Qh4 Rh8 $18) 30... Qb6 (30... Rh8 $142 31. Qh4 Ra8) 31. Qh2 {White threatens Rh7+ and mate.} Rg8 32. Rf1 Qd8 33. Rh7+ Kf8 34. Qh6+ Ke8 35. Kh2 Qe7 36. Rh8 Rxh8 37. Qxh8+ Kd7 38. Qf6 Qxf6 39. gxf6 {[%mdl 4096] Endgame KRB-KRN} Ra8 40. Kg2 b5 41. Rh1 Ke6 42. Kg3 g5 43. Na2 Bg6 (43... Rc8 {was called for.} 44. Nc3 Ra8) 44. Rh2 Rg8 45. Nb4 Rc8 {intending ...c3.} 46. Na2 Rg8 $1 47. Nc3 Rb8 48. Kg4 Bf5+ 49. Kxg5 Rg8+ 50. Kh4 Rg4+ 51. Kh5 Rg3 52. Nxb5 (52. Ne2 $142 Rg8 53. Nf4+ Kd7 54. Rd2) 52... Rxe3 {[#]} 53. Nc7+ $1 Kd7 54. Na6 $2 (54. Kg5 $18 Rf3 55. Nd5) 54... Kc6 $2 (54... Ke6 $11 {and Black is okay.}) 55. Nb4+ Kd7 56. Kg5 Rf3 57. Nd5 Be6 {[#]} 58. Nc3 $1 e3 59. Re2 (59. d5 $18 {and White stays clearly on top.}) 59... Rf5+ $2 (59... Kc6 $16) 60. Kh4 {Accuracy: White = 70%, Black = 57%.} (60. Kh6 $18) 1/2-1/2

[Event "Prague Festival Future 2020"]
[Site "Prague"]
[Date "2020.02.20"]
[Round "8.3"]
[White "Gurel, Ediz"]
[Black "Kanov, Nikola"]
[Result "1-0"]
[WhiteElo "2125"]
[BlackElo "2129"]
[Annotator "NA"]
[PlyCount "49"]
[EventDate "2020.02.12"]
[EventType "tourn"]
[EventCountry "CZE"]
[SourceTitle "playchess.com"]
[Source "ChessBase"]
[SourceQuality "1"]
[TimeControl "40/5400+30:1800+30"]

1. e4 {[%emt 0:00:00]} e5 {[%emt 0:00:00]} 2. Nf3 {[%emt 0:00:12]} Nc6 {[%emt 0:00:01]} 3. Bb5 {[%emt 0:00:17]} a6 {[%emt 0:00:21]} 4. Ba4 {[%emt 0:00:08]} Nge7 {[%emt 0:00:23]} 5. O-O {[%emt 0:00:37]} g6 {[%emt 0:00:32]} 6. c3 {[%emt 0:00:51]} Bg7 {[%emt 0:00:36]} 7. d4 {[%emt 0:00:52]} exd4 {[%emt 0:00:42]} 8. cxd4 {[%emt 0:00:58]} O-O {[%emt 0:02:36]} 9. d5 {[%emt 0:02:23]} Ne5 {[%emt 0:01:41]} 10. Nxe5 {[%emt 0:02:01]} Bxe5 {[%emt 0:00:03]} 11. f4 {[%emt 0:01:53]} Bg7 {[%emt 0:01:44]} 12. f5 {[%emt 0:03:39]} f6 {[%emt 0:09:36]} 13. d6 {[%emt 0:01:33]} Nc6 {[%emt 0:03:37]} 14. fxg6 {[%emt 0:00:55]} Ne5 {[%emt 0:13:18]} 15. Bb3+ {[%emt 0:02:25]} Kh8 {[%emt 0:00:16]} 16. Qh5 {[%emt 0:00:31]} Nxg6 {[%emt 0:00:49]} 17. Rf3 {[%emt 0:00:08]} Re8 {[%emt 0:00:47]} 18. Rh3 {[%emt 0:03:57]} Nf8 {[%emt 0:00:24]} 19. Bh6 {[%emt 0:05:43]} Bxh6 {[%emt 0:04:04]} 20. Qxh6 {[%emt 0:00:17]} Re5 {[%emt 0:00:45]} 21. Rg3 {[%emt 0:02:53]} Rg5 {[%emt 0:00:35]} 22. Rxg5 {[%emt 0:00:02]} fxg5 {[%emt 0:00:06]} 23. Nc3 {[%emt 0:00:08]} Ne6 {[%emt 0:29:53]} 24. Rf1 {[%emt 0:00:37]} Kg8 {[%emt 0:00:11]} 25. Nd5 {[%emt 0:00:14]} 1-0

[Event "Prague Festival Future 2020"]
[Site "Prague"]
[Date "2020.02.20"]
[Round "8.4"]
[White "Vagman, Roy"]
[Black "Nemec, Jachym"]
[Result "1/2-1/2"]
[WhiteElo "2141"]
[BlackElo "2069"]
[Annotator "TA"]
[PlyCount "92"]
[EventDate "2020.02.12"]
[EventType "tourn"]
[EventCountry "CZE"]
[SourceTitle "playchess.com"]
[Source "ChessBase"]
[SourceQuality "1"]

{[%evp 28,92,74,31,27,29,24,-12,-28,-25,13,-8,-8,-8,0,0,0,0,0,0,0,-22,-25,-21,-8,-37,-40,-29,-26,-120,-66,-75,-70,-86,-85,-77,-84,-104,-109,-95,-20,-175,-71,-57,-35,-59,-39,-36,-41,-38,0,0,0,0,0,0,-2,-8,20,10,93,0,0,0,0,0,0]} 1. e4 c5 2. Ne2 Nf6 3. Nbc3 Nc6 4. d4 cxd4 5. Nxd4 e5 6. Ndb5 d6 7. Bg5 a6 8. Na3 b5 9. Bxf6 gxf6 10. Nd5 Bg7 11. Bd3 Ne7 12. Nxe7 Qxe7 13. c4 f5 14. O-O O-O 15. Qf3 d5 {B33: Sicilian: Pelikan and Sveshnikov Variations.} 16. cxd5 fxe4 $1 17. Qxe4 {[%csl Gd3][%cal Re4h7] [#]} (17. Bxe4 {seems wilder.} Rb8 18. Rfd1 Qg5 19. d6 Bg4 20. Qg3) 17... f5 18. d6 Qb7 {[#]} (18... Qa7 {feels hotter.} 19. Qd5+ Kh8 20. Rac1 Bb7 21. Qb3 Qd4) 19. Qxb7 $146 ({Predecessor:} 19. Qb4 Be6 20. Bc2 Rad8 21. Rfd1 Rf6 22. Rd3 Rg6 23. Rg3 Rxg3 24. hxg3 Qb6 25. Rd1 {1-0 (31) Mehar,C (2338)-Phadke,S (2232) Bhiwani 2010}) 19... Bxb7 20. Bc2 Rf6 21. Bb3+ Kf8 22. Rfc1 Rxd6 23. Rc7 Bd5 24. Nc2 Bxb3 25. axb3 Rad8 26. g3 f4 27. Kg2 Rf6 28. Rc3 (28. Kf1 $11) 28... fxg3 (28... Rd2 $17 29. Rc8+ Kf7) 29. hxg3 $15 Rd2 30. Rf1 e4 31. Rc8+ Kf7 32. Rc7+ Kg6 33. Ne3 h5 ({Reject} 33... Rxb2 $6 34. Nd5 $11) (33... Bf8 $17 34. Ng4 Re6) 34. Rc5 $2 (34. Re7 $11) 34... Bh6 (34... Rf3 $19 {...Rxe3 is the strong threat.} 35. Nd1 Bd4 36. Rc6+ Rf6 37. Rxf6+ Kxf6) 35. Nd5 $17 Rf7 {Hoping for ...e3.} 36. Kg1 Rxb2 37. Rc6+ Kg7 38. Rxa6 Rxb3 39. Re6 $1 Rd3 40. Nb4 Rd4 41. Nc6 Ra4 42. Ne5 Rc7 43. Kg2 {[#] Black must now prevent Rh1.} Ra2 (43... e3 $11) 44. Rg6+ (44. Rh1 $16 e3 45. Rg6+ Kf8 46. Rxh6) 44... Kh7 $11 {The position is equal.} 45. Rh1 Rg7 46. Re6 Rg5 $1 {Accuracy: White = 71%, Black = 69%.} 1/2-1/2

[Event "Prague Festival Future 2020"]
[Site "Prague"]
[Date "2020.02.20"]
[Round "8.5"]
[White "Nadzamova, Viktoria"]
[Black "Klimkowski, Jan"]
[Result "0-1"]
[WhiteElo "1960"]
[BlackElo "2229"]
[Annotator "TA"]
[PlyCount "62"]
[EventDate "2020.02.12"]
[EventType "tourn"]
[EventCountry "CZE"]
[SourceTitle "playchess.com"]
[Source "ChessBase"]
[SourceQuality "1"]

{[%evp 9,96,10,20,24,20,13,31,24,50,37,47,33,33,23,30,30,60,33,26,18,69,52,58,49,71,71,81,81,91,81,92,92,149,102,110,112,105,92,71,0,0,-10,-6,-53,-54,-82,-94,-250,-258,-275,-272,-275,-282,-271,-242,-279,-268,-514,-494,-500,-256,-272,-282,-296,-231,-241,-241,-212,-227,-250,-256,-396,-385,-635,-628,-756,-739,-885,-877,-838,-843,-834,-789,-727,-708,-997,-868,-837,-794]} 1. e4 c5 2. Nf3 d6 3. Bb5+ Nd7 4. Ba4 Ngf6 5. O-O e6 6. Re1 {B51: Sicilian: Moscow Variation (3 Bb5+) without 3...Bd7.} Be7 7. c3 O-O 8. d4 {White is slightly better.} e5 9. h3 Qc7 10. Bc2 {[#]} b5 $146 ({Predecessor:} 10... Rb8 11. a4 Re8 12. Nbd2 b6 13. Nf1 a6 14. Ne3 b5 15. axb5 axb5 16. Nf5 Nf8 17. Bg5 h6 {1-0 (60) Hartikainen,M (2237)-Strathoff,M (2102) Dortmund 2019}) 11. d5 a5 12. a4 bxa4 13. Rxa4 Nb6 14. Ra1 Bd7 (14... Nfd7 $11) 15. Na3 Rfb8 16. Be3 Ne8 17. Nd2 Qd8 18. f4 exf4 19. Bxf4 Bg5 20. Bh2 Nc8 (20... Bh6 $142) 21. Nac4 f6 22. Nf3 Bh6 23. Qd3 g6 24. Rf1 ({White should play} 24. Ba4 $16) 24... Bb5 $11 25. b3 Nb6 26. Qe2 a4 $1 {[%cal Ba5a4,Ba4b3][%mdl 32]} 27. g4 Qe7 28. Rae1 $2 {[#] White does not recover from this.} (28. Rfe1 $17) 28... axb3 $1 $19 29. Bd3 Ra2 30. Ncd2 {[#]} c4 $1 {[%mdl 512]} 31. Bb1 (31. Nxc4 Rxe2) 31... Na4 {Played: Ra2-b2} 0-1

[Event "Prague Festival Future 2020"]
[Site "Prague"]
[Date "2020.02.21"]
[Round "9.1"]
[White "Nemec, Jachym"]
[Black "Nadzamova, Viktoria"]
[Result "1/2-1/2"]
[WhiteElo "2069"]
[BlackElo "1960"]
[Annotator "NA"]
[PlyCount "73"]
[EventDate "2020.02.12"]
[EventType "tourn"]
[EventCountry "CZE"]
[SourceTitle "playchess.com"]
[Source "ChessBase"]
[SourceQuality "1"]
[TimeControl "40/5400+30:1800+30"]

1. e4 {[%emt 0:00:00]} c5 {[%emt 0:00:00]} 2. Nf3 {[%emt 0:00:00]} e6 {[%emt 0:00:00]} 3. d4 {[%emt 0:00:00]} cxd4 {[%emt 0:00:00]} 4. Nxd4 {[%emt 0:00:03]} a6 {[%emt 0:00:00]} 5. c4 {[%emt 0:00:16]} Nf6 {[%emt 0:00:12]} 6. Nc3 {[%emt 0:00:07]} d6 {[%emt 0:00:19]} 7. Be3 {[%emt 0:00:31]} Be7 {[%emt 0:00:28]} 8. Be2 {[%emt 0:00:13]} O-O {[%emt 0:00:29]} 9. O-O {[%emt 0:00:06]} b6 {[%emt 0:00:13]} 10. f3 {[%emt 0:00:15]} Bb7 {[%emt 0:00:55]} 11. Qd2 {[%emt 0:00:13]} Nbd7 {[%emt 0:00:42]} 12. Rac1 {[%emt 0:00:56]} Rc8 {[%emt 0:00:35]} 13. a3 {[%emt 0:00:37]} Ne5 {[%emt 0:02:46]} 14. Na4 {[%emt 0:02:40]} d5 {[%emt 0:02:28]} 15. exd5 {[%emt 0:27:59]} exd5 {[%emt 0:01:20]} 16. Nf5 {[%emt 0:00:26]} Nxc4 {[%emt 0:10:51]} 17. Bxc4 {[%emt 0:00:20]} dxc4 {[%emt 0:00:56]} 18. Qf2 {[%emt 0:02:10]} Nd5 {[%emt 0:14:45]} 19. Bxb6 {[%emt 0:12:46]} Qd7 {[%emt 0:07:10]} 20. Nxe7+ {[%emt 0:04:39]} Nxe7 {[%emt 0:00:22]} 21. Nc5 {[%emt 0:00:38]} Qc6 {[%emt 0:01:31]} 22. Ne4 {[%emt 0:01:11]} Qg6 {[%emt 0:02:05]} 23. Nc3 {[%emt 0:02:14]} Bxf3 {[%emt 0:01:54]} 24. Bd4 {[%emt 0:03:31]} Ba8 {[%emt 0:02:09]} 25. Rce1 {[%emt 0:00:48]} Nf5 {[%emt 0:00:23]} 26. Re2 {[%emt 0:01:48]} Nxd4 {[%emt 0:00:28]} 27. Qxd4 {[%emt 0:00:04]} Rfd8 {[%emt 0:01:31]} 28. Qa7 {[%emt 0:01:38]} Re8 {[%emt 0:01:26]} 29. Ref2 {[%emt 0:00:26]} f5 {[%emt 0:04:10]} 30. Qd7 {[%emt 0:05:09]} Rf8 {[%emt 0:04:17]} 31. Nd5 {[%emt 0:00:36]} Bxd5 {[%emt 0:04:11]} 32. Qxd5+ {[%emt 0:00:06]} Qf7 {[%emt 0:00:24]} 33. Qxf7+ {[%emt 0:00:35]} Rxf7 {[%emt 0:00:06]} 34. Rxf5 {[%emt 0:00:06]} Rxf5 {[%emt 0:00:07]} 35. Rxf5 {[%emt 0:00:02]} c3 {[%emt 0:00:07]} 36. bxc3 {[%emt 0:00:04]} Rxc3 {[%emt 0:00:06]} 37. Ra5 {[%emt 0:00:13]} 1/2-1/2

[Event "Prague Festival Future 2020"]
[Site "Prague"]
[Date "2020.02.21"]
[Round "9.2"]
[White "Finek, Vaclav"]
[Black "Vagman, Roy"]
[Result "1-0"]
[WhiteElo "2220"]
[BlackElo "2141"]
[Annotator "ChessBase"]
[PlyCount "113"]
[EventDate "2020.02.12"]
[EventType "tourn"]
[EventCountry "CZE"]
[SourceTitle "playchess.com"]
[Source "ChessBase"]
[SourceQuality "1"]
[TimeControl "40/5400+30:1800+30"]

1. d4 {[%emt 0:00:00]} d5 {[%emt 0:00:00]} 2. Nf3 {[%emt 0:00:00]} Nf6 {[%emt 0:00:12]} 3. c4 {[%emt 0:00:00]} dxc4 {[%emt 0:00:30]} 4. e3 {[%emt 0:00:00]} e6 {[%emt 0:00:22]} 5. Bxc4 {[%emt 0:00:09]} c5 {[%emt 0:00:35]} 6. O-O {[%emt 0:00:06]} Nc6 {[%emt 0:00:42]} 7. dxc5 {[%emt 0:00:07]} Qxd1 {[%emt 0:01:35]} 8. Rxd1 {[%emt 0:00:02]} Bxc5 {[%emt 0:00:11]} 9. a3 {[%emt 0:00:28]} O-O {[%emt 0:01:49]} 10. b4 {[%emt 0:00:08]} Be7 {[%emt 0:00:25]} 11. Bb2 {[%emt 0:00:15]} Bd7 {[%emt 0:01:06]} 12. Nbd2 {[%emt 0:01:10]} Rfd8 {[%emt 0:03:19]} 13. Nb3 {[%emt 0:02:11]} a6 {[%emt 0:11:47]} 14. Rac1 {[%emt 0:03:06]} Rac8 {[%emt 0:01:16]} 15. Kf1 {[%emt 0:06:48]} Be8 {[%emt 0:22:30]} 16. Rxd8 {[%emt 0:03:18]} Rxd8 {[%emt 0:00:32]} 17. Ke2 {[%emt 0:04:27]} Ne4 {[%emt 0:08:39]} 18. h3 {[%emt 0:05:42]} Kf8 {[%emt 0:20:40]} 19. Bd3 {[%emt 0:05:18]} Nf6 {[%emt 0:00:17]} 20. Nc5 {[%emt 0:03:31]} Rb8 {[%emt 0:11:38]} 21. Ne5 {[%emt 0:03:19]} Bxc5 {[%emt 0:00:47]} 22. Rxc5 {[%emt 0:00:47]} Ne7 {[%emt 0:03:23]} 23. g4 {[%emt 0:03:33]} h6 {[%emt 0:03:46]} 24. h4 {[%emt 0:01:36]} Nd7 {[%emt 0:01:20]} 25. Rc7 {[%emt 0:02:01]} Nb6 {[%emt 0:01:19]} 26. g5 {[%emt 0:09:35]} hxg5 {[%emt 0:00:58]} 27. hxg5 {[%emt 0:00:16]} Nc6 {[%emt 0:01:59]} 28. Nxc6 {[%emt 0:02:07]} Bxc6 {[%emt 0:00:01]} 29. g6 {[%emt 0:01:38]} f6 {[%emt 0:01:14]} 30. e4 {[%emt 0:16:39]} e5 {[%emt 0:00:50]} 31. Bc1 {[%emt 0:06:25]} Rc8 {[%emt 0:01:14]} 32. Rf7+ {[%emt 0:01:20]} Kg8 {[%emt 0:00:00]} 33. Be3 {[%emt 0:00:15]} Nd7 {[%emt 0:01:02]} 34. Bc4 {[%emt 0:02:23]} Kh8 {[%emt 0:00:00]} 35. Be6 {[%emt 0:00:30]} Rd8 {[%emt 0:00:50]} 36. Bh6 {[%emt 0:00:21]} Rg8 {[%emt 0:00:39]} 37. Bxd7 {[%emt 0:01:09]} Bxe4 {[%emt 0:00:02]} 38. Be3 {[%emt 0:00:42]} Bxg6 {[%emt 0:00:02]} 39. Re7 {[%emt 0:00:05]} Kh7 {[%emt 0:01:01]} 40. Be6 {[%emt 0:00:00]} Rd8 {[%emt 0:00:00]} 41. Rxb7 {[%emt 0:03:09]} Rd3 {[%emt 0:01:14]} 42. a4 {[%emt 0:01:09]} Ra3 {[%emt 0:00:55]} 43. a5 {[%emt 0:01:36]} Bd3+ {[%emt 0:00:30]} 44. Kd2 {[%emt 0:01:03]} Kg6 {[%emt 0:01:10]} 45. Rb6 {[%emt 0:01:38]} Bb5 {[%emt 0:00:34]} 46. Rxb5 {[%emt 0:03:38]} axb5 {[%emt 0:00:05]} 47. Bc8 {[%emt 0:00:26]} f5 {[%emt 0:03:06]} 48. a6 {[%emt 0:00:13]} f4 {[%emt 0:00:31]} 49. Bc5 {[%emt 0:00:04]} Ra2+ {[%emt 0:01:41]} 50. Kd3 {[%emt 0:00:46]} Ra1 {[%emt 0:04:28]} 51. a7 {[%emt 0:00:23]} Rd1+ {[%emt 0:00:33]} 52. Ke2 {[%emt 0:00:59]} Ra1 {[%emt 0:00:15]} 53. Bb7 {[%emt 0:00:11]} Kf5 {[%emt 0:02:10]} 54. a8=Q {[%emt 0:00:15]} Rxa8 {[%emt 0:00:06]} 55. Bxa8 {[%emt 0:00:03]} e4 {[%emt 0:00:51]} 56. f3 {[%emt 0:00:22]} exf3+ {[%emt 0:00:39]} 57. Kxf3 {[%emt 0:00:05] Ke4+ Kxe4} 1-0

[Event "Prague Festival Future 2020"]
[Site "Prague"]
[Date "2020.02.21"]
[Round "9.3"]
[White "Chinguun Bayaraa"]
[Black "Gurel, Ediz"]
[Result "1-0"]
[WhiteElo "2049"]
[BlackElo "2125"]
[Annotator "ChessBase"]
[PlyCount "157"]
[EventDate "2020.02.12"]
[EventType "tourn"]
[EventCountry "CZE"]
[SourceTitle "playchess.com"]
[Source "ChessBase"]
[SourceQuality "1"]
[TimeControl "40/5400+30:1800+30"]

1. d3 {[%emt 0:00:00]} g6 {[%emt 0:00:52]} 2. g3 {[%emt 0:00:00]} Bg7 {[%emt 0:00:16]} 3. Bg2 {[%emt 0:00:07]} e5 {[%emt 0:01:29]} 4. Nf3 {[%emt 0:00:23]} Ne7 {[%emt 0:00:43]} 5. O-O {[%emt 0:01:46]} O-O {[%emt 0:00:17]} 6. e4 {[%emt 0:00:58]} Nbc6 {[%emt 0:00:38]} 7. c3 {[%emt 0:00:51]} d6 {[%emt 0:01:17]} 8. b4 {[%emt 0:09:12]} a6 {[%emt 0:02:36]} 9. Bb2 {[%emt 0:01:15]} h6 {[%emt 0:04:14]} 10. Nbd2 {[%emt 0:01:59]} f5 {[%emt 0:02:47]} 11. Qb3+ {[%emt 0:05:15]} Kh8 {[%emt 0:01:02]} 12. h3 {[%emt 0:14:33]} Qe8 {[%emt 0:04:54]} 13. a4 {[%emt 0:03:43]} Nd8 {[%emt 0:02:49]} 14. Qc2 {[%emt 0:02:59]} Be6 {[%emt 0:09:05]} 15. Rfe1 {[%emt 0:07:28]} Qf7 {[%emt 0:07:19]} 16. c4 {[%emt 0:07:25]} fxe4 {[%emt 0:04:16]} 17. dxe4 {[%emt 0:01:01]} a5 {[%emt 0:01:29]} 18. b5 {[%emt 0:01:53]} b6 {[%emt 0:00:54]} 19. Rac1 {[%emt 0:02:44]} g5 {[%emt 0:05:07]} 20. Nf1 {[%emt 0:08:12]} Qh5 {[%emt 0:06:34]} 21. g4 {[%emt 0:07:03]} Qf7 {[%emt 0:00:13]} 22. Ng3 {[%emt 0:00:19]} Ng6 {[%emt 0:00:25]} 23. Nf5 {[%emt 0:00:52]} Nf4 {[%emt 0:00:33]} 24. Re3 {[%emt 0:01:49]} Qg6 {[%emt 0:03:25]} 25. Ne1 {[%emt 0:07:53]} h5 {[%emt 0:05:46]} 26. Nd3 {[%emt 0:00:39]} Nf7 {[%emt 0:02:59]} 27. f3 {[%emt 0:05:21]} Bf6 {[%emt 0:01:57]} 28. Kf2 {[%emt 0:02:23]} Nh6 {[%emt 0:03:33]} 29. Rg1 {[%emt 0:01:18]} Bd7 {[%emt 0:01:43]} 30. Bf1 {[%emt 0:01:30]} Nxf5 {[%emt 0:01:05]} 31. exf5 {[%emt 0:00:56]} Qh6 {[%emt 0:01:15]} 32. Nxf4 {[%emt 0:00:25]} gxf4 {[%emt 0:00:06]} 33. Ra3 {[%emt 0:01:03]} Rae8 {[%emt 0:05:00]} 34. Bd3 {[%emt 0:00:51]} Rg8 {[%emt 0:02:15]} 35. Be4 {[%emt 0:00:20]} hxg4 {[%emt 0:04:41]} 36. hxg4 {[%emt 0:01:28]} Kg7 {[%emt 0:00:59]} 37. Kf1 {[%emt 0:00:45]} Qg5 {[%emt 0:00:38]} 38. Ra1 {[%emt 0:01:02]} Rh8 {[%emt 0:00:30]} 39. Re1 {[%emt 0:00:35]} Rh3 {[%emt 0:01:04]} 40. Re2 {[%emt 0:00:00]} Reh8 {[%emt 0:00:00]} 41. Reg2 {[%emt 0:01:13]} Be8 {[%emt 0:04:16]} 42. Bc3 {[%emt 0:02:01]} Bf7 {[%emt 0:01:33]} 43. Be1 {[%emt 0:00:42]} Kf8 {[%emt 0:05:01]} 44. Ke2 {[%emt 0:10:04]} Rh1 {[%emt 0:08:13]} 45. Kf1 {[%emt 0:04:46]} R1h3 {[%emt 0:00:24]} 46. Qd3 {[%emt 0:01:32]} Rh1 {[%emt 0:04:16]} 47. Bd5 {[%emt 0:02:05]} Rxg1+ {[%emt 0:03:08]} 48. Rxg1 {[%emt 0:00:52]} Be8 {[%emt 0:00:30]} 49. Qe2 {[%emt 0:00:41]} Bf7 {[%emt 0:03:11]} 50. Bxf7 {[%emt 0:02:12]} Kxf7 {[%emt 0:00:02]} 51. Qd2 {[%emt 0:00:51]} Re8 {[%emt 0:06:15]} 52. Qd5+ {[%emt 0:00:34]} Kf8 {[%emt 0:00:08]} 53. Qe4 {[%emt 0:03:52]} Kf7 {[%emt 0:01:50]} 54. Rh1 {[%emt 0:00:34]} Qg7 {[%emt 0:00:07]} 55. Kg2 {[%emt 0:01:58]} Ke7 {[%emt 0:04:22]} 56. Bh4 {[%emt 0:01:26]} Rh8 {[%emt 0:02:12]} 57. Bxf6+ {[%emt 0:01:07]} Kxf6 {[%emt 0:00:40]} 58. Qe1 {[%emt 0:03:16]} Rxh1 {[%emt 0:04:02]} 59. Qxh1 {[%emt 0:00:05]} Qf7 {[%emt 0:01:01]} 60. Qh4+ {[%emt 0:00:19]} Kg7 {[%emt 0:00:01]} 61. Qg5+ {[%emt 0:00:30]} Kf8 {[%emt 0:00:28]} 62. Qd8+ {[%emt 0:00:09]} Kg7 {[%emt 0:00:06]} 63. Qg5+ {[%emt 0:00:03]} Kf8 {[%emt 0:00:04]} 64. f6 {[%emt 0:00:34]} Ke8 {[%emt 0:00:52]} 65. Kh3 {[%emt 0:01:17]} Qxc4 {[%emt 0:00:40]} 66. Qg6+ {[%emt 0:00:53]} Qf7 {[%emt 0:00:19]} 67. Qf5 {[%emt 0:00:03]} Qg8 {[%emt 0:02:21]} 68. g5 {[%emt 0:00:33]} Kf7 {[%emt 0:00:41]} 69. Kg4 {[%emt 0:00:37]} Qg6 {[%emt 0:00:25]} 70. Qd7+ {[%emt 0:00:13]} Kf8 {[%emt 0:00:22]} 71. Qe7+ {[%emt 0:00:31]} Kg8 {[%emt 0:00:05]} 72. Qd8+ {[%emt 0:00:03]} Kf7 {[%emt 0:00:10]} 73. Qxc7+ {[%emt 0:00:08]} Kg8 {[%emt 0:00:17]} 74. Qd8+ {[%emt 0:00:07]} Kf7 {[%emt 0:00:05]} 75. Qxd6 {[%emt 0:00:09]} Qh7 {[%emt 0:00:25]} 76. Qe7+ {[%emt 0:00:07]} Kg6 {[%emt 0:00:04]} 77. Qxh7+ {[%emt 0:00:08]} Kxh7 {[%emt 0:00:04]} 78. f7 {[%emt 0:00:17]} Kg7 {[%emt 0:00:05]} 79. g6 {[%emt 0:00:04]} 1-0

[Event "Prague Festival Future 2020"]
[Site "Prague"]
[Date "2020.02.21"]
[Round "9.4"]
[White "Klimkowski, Jan"]
[Black "Aydin, Gulenay"]
[Result "1-0"]
[WhiteElo "2229"]
[BlackElo "1964"]
[Annotator "NA"]
[PlyCount "77"]
[EventDate "2020.02.12"]
[EventType "tourn"]
[EventCountry "CZE"]
[SourceTitle "playchess.com"]
[Source "ChessBase"]
[SourceQuality "1"]
[TimeControl "40/5400+30:1800+30"]

1. e4 {[%emt 0:00:00]} e5 {[%emt 0:00:00]} 2. Nf3 {[%emt 0:00:00]} Nc6 {[%emt 0:00:00]} 3. Bb5 {[%emt 0:00:00]} a6 {[%emt 0:00:00]} 4. Ba4 {[%emt 0:00:00]} Nf6 {[%emt 0:00:00]} 5. O-O {[%emt 0:00:00]} Be7 {[%emt 0:00:00]} 6. Re1 {[%emt 0:00:05]} b5 {[%emt 0:00:11]} 7. Bb3 {[%emt 0:00:04]} d6 {[%emt 0:00:15]} 8. c3 {[%emt 0:00:11]} O-O {[%emt 0:00:46]} 9. h3 {[%emt 0:00:06]} Bb7 {[%emt 0:00:12]} 10. d4 {[%emt 0:01:52]} Nd7 {[%emt 0:00:54]} 11. Nbd2 {[%emt 0:01:20]} exd4 {[%emt 0:00:47] C92: Closed Ruy Lopez: 9...Be6, Karpov and Flohr-Zaitsev Variations.} 12. cxd4 {[%emt 0:01:44]} Re8 {[%emt 0:00:22]} 13. Nf1 {[%emt 0:00:49]} Na5 {[%emt 0:01:11]} 14. Bc2 {[%emt 0:01:27]} Bf6 {[%emt 0:00:16]} 15. Ng3 {[%emt 0:00:40]} g6 {[%emt 0:00:23]} 16. b3 {[%emt 0:02:38]} c5 {[%emt 0:03:29]} 17. Bb2 {[%emt 0:01:01]} Nc6 {[%emt 0:00:50]} 18. Qd2 {[%emt 0:02:25] [#]} Qc7 $146 {[%emt 0:12:00]} ({Predecessor:} 18... Rc8 19. Rad1 cxd4 20. Bb1 Be5 21. Nxd4 Qf6 22. Nge2 Nc5 23. f3 Ne6 24. Nxe6 Bxb2 {½-½ (41) Jansa,V (2450)-Krejci,J (2582) Ostrava 2018}) 19. Rac1 {[%emt 0:03:14]} Rad8 {[%emt 0:08:34]} 20. Bb1 {[%emt 0:02:24]} Qb6 {[%emt 0:04:50]} 21. dxc5 {[%emt 0:06:26]} dxc5 {[%emt 0:01:35] [#]} 22. Bxf6 $1 {[%emt 0:00:14]} Nxf6 {[%emt 0:00:12]} 23. Qg5 {[%emt 0:00:51]} Nd7 {[%emt 0:09:06]} 24. e5 {[%emt 0:10:27]} Nd4 {[%emt 0:07:59]} 25. Nxd4 $18 {[%emt 0:02:03]} cxd4 {[%emt 0:01:10]} 26. e6 {[%emt 0:12:40]} Rxe6 {[%emt 0:12:47]} 27. Rxe6 {[%emt 0:01:36]} fxe6 {[%emt 0:00:06]} 28. Qe7 {[%emt 0:00:34]} d3 {[%emt 0:12:07]} 29. Nh5 {[%emt 0:06:12]} gxh5 {[%emt 0:04:31]} 30. Bxd3 {[%emt 0:00:10]} e5 {[%emt 0:17:57]} 31. Bxh7+ {[%emt 0:01:29]} Kh8 {[%emt 0:00:01]} 32. Bf5 {[%emt 0:02:33]} Nf8 {[%emt 0:02:04]} 33. Rc7 {[%emt 0:01:32]} Rd1+ {[%emt 0:01:04]} 34. Kh2 {[%emt 0:00:05]} Qh6 {[%emt 0:00:18]} 35. Qxe5+ {[%emt 0:00:07]} Kg8 {[%emt 0:00:03]} 36. Rxb7 {[%emt 0:00:25]} Rd6 {[%emt 0:00:37]} 37. Be4 {[%emt 0:03:15]} Rf6 {[%emt 0:00:38]} 38. Bd5+ {[%emt 0:00:16]} Kh8 {[%emt 0:00:15]} 39. Rf7 {[%emt 0:00:12]} 1-0